01526nam a22003734a 4500001001200000003000800012006001900020007001500039008004100054010001700095020001500112040002100127035002000148050002400168082002400192245016100216260005600377300001600433490002300449504005200472533015200524610006700676650004300743650003900786650002600825655002900851700002300880700002600903700002500929710001700954830003800971856012601009999001701135ebr10038605CaPaEBRm u cr cn|||||||||000325s1999 dcu sb 000 0 eng  z 00501574  z0309066301 aCaPaEBRcCaPaEBR a(OCoLC)4495879814aUB369b.N363 1999eb04a355.3/45/07207322100aNational Center for Military Deployment Health Researchh[electronic resource] /cLyla M. Hernandez, Catharyn T. Liverman, and Merwyn R. Greenlick, editors. aWashington, D.C. :bNational Academy Press,cc1999. aviii, 54 p.1 aThe compass series aIncludes bibliographical references (p. 49-50). aElectronic reproduction.bPalo Alto, Calif. :cebrary,d2013.nAvailable via World Wide Web.nAccess may be limited to ebrary affiliated libraries.20aNational Center for Military Deployment Health Research (U.S.) 0aVeteransxMedical carezUnited States. 0aMedicinexResearchzUnited States. 0aWarxMedical aspects. 7aElectronic books.2local1 aHernandez, Lyla M.1 aLiverman, Catharyn T.1 aGreenlick, Merwyn R.2 aebrary, Inc. 0aCompass series (Washington, D.C.)40uhttp://site.ebrary.com/lib/rucke/Doc?id=10038605zAn electronic book accessible through the World Wide Web; click to view c57550d57550